000 00297 a2200145 4500
001 152909
040 _cEscola São Tomás de Aquino
100 _aBANDEIRA, Manuel
240 1 0 _aPra brincar
_lpor
245 1 0 _aPra brincar
300 _a29
362 0 _a2016
697 _aPoesia
942 _cBK
999 _c152909
_d152909